| 000 | 00586nam a2200181Ia 4500 | ||
|---|---|---|---|
| 008 | 090630s9999 xx 000 0 und d | ||
| 082 | _b18147 | ||
| 100 | _aप्रा. बोधे व. बा. | ||
| 245 |
_aमुरळी. _cप्रा. बोधे व. बा. |
||
| 260 |
_bप्राजक्ता - पुणे. _c2000 |
||
| 300 | _a176 | ||
| 600 | _aप्रा. बोधे व. बा. | ||
| 630 | _aमुरळी. | ||
| 655 | _aकादंबरी. | ||
| 700 | _aप्रा. बोधे व. बा. | ||
| 730 | _aमुरळी. | ||
| 942 | _cBOOK | ||
| 999 |
_c270003 _d270003 |
||